All The Beths Songs - Statistics

General Stats
  • This quiz has been taken 34 times
    3 since last reset
  • The average score is 43 of 47
Answer Stats
Hint Answer % Correct
2am
100%
Acrid
100%
Best Laid Plans
100%
Best Left
100%
Change in the Weather
100%
Dying to Believe
100%
Expert in a Dying Field Expert in a Dying Field
100%
Future Me Hates Me
100%
Future Me Hates Me Great No One
100%
Happy Unhappy
100%
Head in the Clouds
100%
Idea/Intent
100%
Jump Rope Gazers I'm Not Getting Excited
100%
Jump Rope Gazers
100%
Just Shy of Sure
100%
Knees Deep
100%
Less Than Thou
100%
Lying in the Sun
100%
Mars, the God of War
100%
Metal
100%
Mosquitoes
100%
Mother, Pray for Me
100%
River Run: Lvl 1
100%
Roundabout
100%
Rush Hour 3
100%
Silence Is Golden
100%
Straight Line Was a Lie Straight Line Was a Lie
100%
Take
100%
Uptown Girl
100%
Warm Blood
100%
Warm Blood Whatever
100%
Whatever
100%
When You Know You Know
100%
You Are a Beam of Light
100%
Your Side
100%
You Wouldn't Like Me
100%
A Passing Rain
67%
Ark of the Covenant
67%
Do You Want Me Now
67%
I Want to Listen
67%
Little Death
67%
No Joy
67%
Not Running
67%
Out of Sight
67%
Til My Heart Stops
67%
Don't Go Away
33%
I Told You That I Was Afraid
33%
No matching quizzes found
Score Distribution
Percent of People with Each Score
Percentile by Number Answered
Your Score History
You have not taken this quiz since the last reset